External debt statistics supplement

Saved in:
Bibliographic Details
Format: Book
Language:English
French
Published: Paris OECD 1998
Series:IEA statistics
Subjects:
Tags: Add Tag
No Tags, Be the first to tag this record!

MARC

LEADER 00000nam a2200000 4500
001 c119486
005 20240104114804.0
020 |a 92-64-05769-2 
041 0 |a eng 
041 0 |a fre 
044 |a FR 
245 1 0 |a External debt statistics  |b supplement 
264 1 |a Paris  |b OECD  |c 1998 
300 |a 214 s. 
490 1 |a IEA statistics 
830 0 |a IEA statistics 
610 2 0 |a zadlženosť zahraničná 
610 2 0 |a krajiny rozvojové 
610 2 0 |a stredná Európa 
610 2 0 |a východná Európa